| 000 | 00833 a2200229 4500 | ||
|---|---|---|---|
| 999 |
_c11420 _d11420 |
||
| 020 | _a0304338486 (hard) | ||
| 020 | _a0304338494 (pbk.) | ||
| 050 | 0 | 0 |
_aBR121.2 _bDAV 1997 |
| 100 | 1 |
_aDavies, Douglas James. _eauthor |
|
| 245 | 1 | 0 |
_aThemes and issues in Christianity / _cDouglas J. Davies with Clare Drury. |
| 264 |
_aLondon : _bCassell, _c1997 |
||
| 300 |
_a298 pages _billustrations |
||
| 336 |
_2rdacontent _atext _btxt |
||
| 337 |
_2rdamedia _aunmediated _bn |
||
| 338 |
_2rdacarrier _avolume _bnc |
||
| 440 | 0 | _aWorld religions, themes and issues | |
| 504 | _aIncludes bibliographical references (p. 284-288) and index. | ||
| 650 | 0 | _aChristianity. | |
| 700 | 1 |
_aDrury, Clare. _eauthor |
|
| 942 |
_2lcc _cBK _h121.2 _iDAV _kBR |
||